ბათუმის შოთა რუსთაველის სახელმწიფო უნივერსიტეტის ბიბლიოთეკა

ახალყოილნი (ბიბ.ჩანაწერი № 49034)

000 -LEADER
fixed length control field 01008nam a2200241Ia 4500
001 - CONTROL NUMBER
control field 15939
003 - CONTROL NUMBER IDENTIFIER
control field GE_BSU
008 - FIXED-LENGTH DATA ELEMENTS--GENERAL INFORMATION
fixed length control field 181216s||||||||xx |||||||||||||| ||und||
040 ## - CATALOGING SOURCE
Transcribing agency GE_BSU
080 ## - UNIVERSAL DECIMAL CLASSIFICATION NUMBER
Universal Decimal Classification number 821.353.1-32
100 ## - MAIN ENTRY--PERSONAL NAME
Personal name ხორნაული, გიგი
245 ## - TITLE STATEMENT
Title ახალყოილნი
245 ## - TITLE STATEMENT
Remainder of title მოთხრობები
245 ## - TITLE STATEMENT
Statement of responsibility, etc. რდ. ნ.ლორთქიფანიძე. მხ. გ.ოჩიაური
260 ## - PUBLICATION, DISTRIBUTION, ETC.
Place of publication, distribution, etc. თბილისი
260 ## - PUBLICATION, DISTRIBUTION, ETC.
Name of publisher, distributor, etc. ნაკადული
260 ## - PUBLICATION, DISTRIBUTION, ETC.
Date of publication, distribution, etc. 1966
300 ## - PHYSICAL DESCRIPTION
Extent 166გვ. ; 16სმ
653 ## - INDEX TERM--UNCONTROLLED
Uncontrolled term ახალყოილნი
653 ## - INDEX TERM--UNCONTROLLED
Uncontrolled term მზევინარი; ახალყოილნი; თუთი; სიკეთე; ზვავთა სამეფოში; გახსენება; შვლის ცრემლი; დათვი; სისხლში ნაწრთობი; მეცხვარე
653 ## - INDEX TERM--UNCONTROLLED
Uncontrolled term მოთხრობები
942 ## - ADDED ENTRY ELEMENTS (KOHA)
Koha item type წიგნი
ეგზემპლარები
Withdrawn status Lost status Damaged status Not for loan Date acquired Barcode Date last seen Price effective from Koha item type
        2018-12-17 39478 2018-12-17 2018-12-17 წიგნი
        2018-12-17 39479 2018-12-17 2018-12-17 წიგნი